000 00343nam a2200145Ia 4500
008 230917s9999||||xx |||||||||||||| ||und||
040 _e137333
_aMAIN
041 _aEnglish
082 _a658.4092 K928M
100 _aKroth, Michael
245 0 _aManager as motivator
260 _aDelhi
_bMamillan
_c2005
300 _a242p p.
942 _cBK
999 _c145937
_d145937